000 00879nam a2200265Ia 4500
003 OSt
005 20220918111855.0
006 a|||||r|||| 00| 0
007 ta
008 220915b |||||||| |||| 00| 0 hin d
024 _a494
037 _b448, 19/03/2008, Swaraj Prakashan
037 _cTextbook
040 _bhin
_aARTS
_cARTS
041 _ahin
082 _aO152,3N12w,1, P4
100 _aविष्णु प्रभाकर
245 0 _aऔर पंछी उड़ गया
246 _aAur panchhī uड़ gayā
260 _aदिल्ली
_bराजपाल भारत
_c2004
300 _a204पृ0
_ccm.
490 _aएक दिशाहीन सफ़र - 3
942 _hO152,3N12w,1, P4
_cTB
_2CC
999 _c116876
_d116876